Ελληνικές Πόλεις με Φωτογραφίες - Statistics

General Stats
  • This quiz has been taken 40 times
  • The average score is 5 of 10
Answer Stats
Picture Answer % Correct
Αθήνα
96%
Θεσσαλονίκη
91%
Αλεξανδρούπολη
82%
Χανιά
74%
Βόλος
71%
Λάρισα
63%
Ιωάννινα
54%
Ρόδος
54%
Χαλκίδα
45%
Τρίκαλα
33%
Κατερίνη
32%
Ηράκλειο
32%
Σέρρες
15%
Αγρίνιο
13%
No matching quizzes found
Score Distribution
Percent of People with Each Score
Percentile by Number Answered
Your Score History
You have not taken this quiz